000 03491nam a22004577a 4500
005 2011082407117.0
006 a|||||r|||||00| 0
007 vc av zk
008 110824t xxu||||| |||| 00| 0 eng d
010 _aDVD-008057-063
024 _aDHIF 1665S 1685
_c149.00
028 _bPioneers Office Automation
035 _aDVD-008057-063
040 _aDPL
_cDPL
082 _aDVD / DEVD
245 _aDev D /
_cwritten by Saratchandra Chatterjee (novel), Abhay Deol (concept), and 2 more credits ; directed by Anurag Kashyap; produced by Ronnie Screwvala; music by Amit Trivedi
_h(Videorecording) DVD
260 _aNew Delhi
_bMoser Baer Entertainment
_cp2010.
300 _a1 videodisc DVD
_bsd., col.
_c4 3/4 in.
_fDVD
440 _933486
500 _aHindi movies
500 _aSummary from IMDB.com
500 _a2 pre recorded DVD
505 _aAbhay Deol, Mahie Gill and Kalki Koechlin
520 _aDev who, after spurning Paro's love due to a misunderstanding, turns to drugs and vodka for solace. Paro moves on but Dev still is in remorse. He meets Chanda, a prostitute with problems of her own. Dev likes her but his penchant for self-destruction prevents him and Chanda from truly getting together. He also meets sleazy people like Chunni, Chanda's pimp who drags Dev further into self-destruction to further his own needs.
538 _aDigital sound: 5.1, NTSC all region, with english subtitles
650 _aMotion picture
_933495
700 _aChatterjee, Saratchandra
_933504
700 _aDeol, Abhay
_933527
700 _aScrewvala, Ronnie
_933587
700 _aAmit Trivedi
_933536
856 _uhttp://www.imdb.com/title/tt0053706/
942 _2ddc
_cCF
_hDVD
_mDEVD
999 _c55921
_d55921